[Event "Barcelona Ideal Clave op 20th"]
[Site "Barcelona"]
[Date "2016.11.12"]
[Round "7"]
[White "March Mari, Josep"]
[Black "Lopez Abaurrea, Eduardo"]
[Result "0-1"]
[WhiteElo "1552"]
[BlackElo "1490"]
[PlyCount "76"]
[EventDate "2016.10.01"]
[EventType "swiss"]
[EventRounds "8"]
[EventCountry "ESP"]
[SourceTitle "EXT 2018"]
[Source "ChessBase"]
[SourceDate "2017.10.13"]
[SourceVersion "1"]
[SourceVersionDate "2017.10.13"]
[SourceQuality "1"]

1. c4 c5 2. Nc3 b6 3. e4 d6 4. d3 Bb7 5. Nge2 Nf6 6. Ng3 g6 7. Bg5 Bg7 8. Qd2 0-0 9. Bh6 e6 10. Bxg7 Kxg7 11. Be2 Nc6 12. 0-0 Nd4 13. a4 Nb3 14. Qe3 Nxa1 15. Rxa1 a6 16. e5 dxe5 17. Qxe5 Qb8 18. Qe3 Qc7 19. h4 h5 20. Qg5 Nh7 21. Qe3 Kg8 22. Nge4 Bxe4 23. Nxe4 Qe5 24. Rb1 f5 25. f4 Qg7 26. Nc3 Rad8 27. Rf1 Rfe8 28. Rf3 Qd4 29. Qf2 Qxf2+ 30. Kxf2 Nf6 31. Rg3 Kh7 32. Re3 Kg7 33. Re5 Kf7 34. Na2 Ng4+ 35. Bxg4 hxg4 36. Nc1 Rd4 37. b3 Rxf4+ 38. Ke2 g3 0-1

[Event "Barcelona Ideal Clave op 13th"]
[Site "Barcelona"]
[Date "2007.10.27"]
[Round "4.10"]
[White "Werner Serrat, Jordi"]
[Black "March Mari, Josep"]
[Result "1-0"]
[WhiteElo "1964"]
[BlackElo "1793"]
[PlyCount "67"]
[EventDate "2007.09.29"]
[EventType "swiss"]
[EventRounds "8"]
[EventCountry "ESP"]
[SourceTitle "EXT 2024"]
[Source "ChessBase"]
[SourceDate "2023.10.10"]
[SourceVersion "1"]
[SourceVersionDate "2023.10.10"]
[SourceQuality "1"]

1. Nf3 Nc6 2. g3 e5 3. Bg2 Bc5 4. 0-0 d6 5. e3 Bg4 6. h3 Be6 7. d4 e4 8. Nfd2 Bb4 9. c3 Ba5 10. Nxe4 Bd5 11. Nbd2 f5 12. c4 Bxe4 13. Nxe4 fxe4 14. d5 Ne5 15. Qa4+ Qd7 16. Qxa5 Nxc4 17. Qb4 b5 18. Bxe4 a5 19. Qc3 Nf6 20. Bg2 0-0 21. a4 Nb6 22. axb5 Nfxd5 23. Qb3 Qf7 24. e4 Nb4 25. Qxf7+ Kxf7 26. e5 Rae8 27. exd6 cxd6 28. Rxa5 Nd3 29. Be3 Nc8 30. b3 Nc5 31. Rc1 Nxb3 32. Bd5+ Ke7 33. Bxb3 h6 34. b6 1-0